Polskie miasta przygraniczne - Statystyki

Ogólne statystyki
  • Ten quiz został rozwiązany 42 razy
  • Średni wynik to 3 z 5
Statystyki odpowiedzi
Polskie miasto Zagraniczne miasto % Poprawnych
Zgorzelec Görlitz
77%
Słubice Frankfurt nad Odrą
70%
Gubin Guben
60%
Cieszyn Český Těšín
33%
Łęknica Bad Muskau
17%
Nie znaleziono quizów pasujących do podanych kryteriów
Rozkład punktacji
Procent ludzi z każdym wynikiem
Percentyl według liczby udzielonych odpowiedzi
Twoja historia wyników
Nie rozwiązałeś tego quizu